| 000 | 00412nam a2200169Ia 4500 | ||
|---|---|---|---|
| 005 | 20250423101057.0 | ||
| 008 | 250422s9999 xx 000 0 und d | ||
| 020 | _a0803683057 | ||
| 050 | _aR 121 .T18/ | ||
| 245 | 0 | _aTaber’s cyclopedic medical dictionary | |
| 250 | _a13th ed. | ||
| 260 | _aPhiladelphia | ||
| 260 | _bDavis Company | ||
| 260 | _c1977 | ||
| 650 | _aMedicine _ Dictionaries | ||
| 942 | _cBK | ||
| 999 |
_c35215 _d35215 |
||